000 00819cab a2200241 4500
001 X2030
008 090401t1995 xxu||||| |||| 00| 0 eng d
035 _a(Sirsi) u21300
041 _aeng
245 _aBanque Bruxelles Lambert SA v Eagle Tax Insurance
260 _c1995
350 _a0
490 _aNew Property Cases
_v1995 NPC 32
520 _aSolicitors and valuers who give negligence advice to mortgage lenders may find themselves liable for damages which include the loss in value of property caused by market collapse. NB NO PHOTOCOPYING ALLOWED
650 _aDAMAGES
650 _aLIABILITY
650 _aLOSS IN VALUE
650 _aMORTGAGE LENDERS
650 _aPROFESSIONAL NEGLIGNCE
690 _aMANAGEMENT-BUSINESS MANAGEMENT-PROFESSIONAL PRACTICE
942 _n0
948 _c04/03/1997
999 _c14301
_d14301